Statistiques concernant 100 Premiers Mots de Harry Potter et l'Ordre du Phénix

Cliquez ici pour prendre le quiz!

Statistiques générales

  • Ce quiz a été pris 156 fois
  • Le résultat moyen est 38 sur 100

Statistiques - réponses

Mot% Correct
à
93%
La
92%
la
92%
de
88%
et
88%
les
82%
se
78%
des
75%
du
74%
sa
70%
un
66%
Une
61%
en
60%
plus
55%
au
51%
dans
48%
que
47%
sur
46%
fin
43%
journée
43%
l'été,
42%
chaude
41%
Drive
39%
Drive.
39%
Privet
39%
maisons
34%
maisons,
34%
aux
27%
tous
26%
grandes
24%
leurs
22%
pelouses
22%
pelouses,
22%
bien
21%
cas,
20%
voitures
20%
habitants
19%
fenêtres
18%
jusqu'à
17%
vert
17%
allées,
16%
couvraient
14%
habituellement
14%
poussière
14%
présent
14%
fraîche
13%
angles
12%
étincelantes
12%
Immobiles
12%
jaunâtres
12%
l'ombre
12%
sècheresse
12%
silence
12%
tirait
12%
droits
11%
émeraude
11%
s'était
11%
d'eau.
10%
installé
10%
somnolent
10%
autrefois
9%
réfugiés
9%
regard
9%
n'offraient
8%
persistante
8%
s'étaient
8%
brulée.
7%
d'herbe
7%
étendues
7%
jets
7%
laver
7%
privés
7%
Désormais
6%
l'usage
6%
interdisait
5%
tondres
5%
effet
4%
plaisirs
3%

Distribution des résultats

Percentile par nombre de réponses

% des personnes avec chaque résultat

Votre développement - résultats

Vous n’avez pas pris ce quiz